| 000 | 01418cas a22003971a 4500 | ||
|---|---|---|---|
| 001 | data | ||
| 005 | 20260322212115.0 | ||
| 007 | data | ||
| 007 | data | ||
| 008 | data | ||
| 035 | _a11340149 | ||
| 906 |
_a7 _bcbc _cserials _du _encip _f19 _gn-oclcserc |
||
| 010 | _asf 88092993 | ||
| 035 | _a(OCoLC)18482842 | ||
| 040 |
_aDLC _beng _cDLC _dOCLCQ _dOCLCQ _dOCLCO _dOCLCF _dOCLCO _dOCLCQ |
||
| 042 | _apcc | ||
| 050 | 0 | 0 | _aMicrofilm 07268 |
| 245 | 0 | 0 | _aBoys of America. |
| 260 |
_aNew York : _bStreet & Smith |
||
| 300 |
_avolumes : _billustrations ; _c42 cm |
||
| 310 | _aWeekly | ||
| 336 |
_atext _btxt _2rdacontent |
||
| 337 |
_amicroform _bh _2rdamedia |
||
| 338 |
_amicrofilm reel _bhd _2rdacarrier |
||
| 362 | 1 | _aBegan with: Vol. 1 (Oct. 5, 1901). | |
| 533 |
_aMicrofilm. _mv.2 (Oct. 4,1902-Sept. 26,1903) _bWashington, D.C. : _cAvailable from Library of Congress Photoduplication Service. _cAvailable from Library of Congress Photoduplication Service. _emicrofilm reels ; 35 mm. |
||
| 588 | _aDescription based on: Vol. 1, no. 35 (May 31, 1902). | ||
| 650 | 0 |
_aAdventure stories _vPeriodicals. |
|
| 650 | 7 |
_aAdventure stories. _2fast _0(OCoLC)fst00797462 |
|
| 655 | 7 |
_aPeriodicals. _2fast _0(OCoLC)fst01411641 |
|
| 776 | 1 |
_cOriginal _w(DLC) 10018190 |
|
| 890 | _aBoys of America. [microfilm] | ||
| 991 |
_bc-MicRR _hMicrofilm 07268 _wSERIALS |
||
| 999 |
_c1734 _d1734 |
||